|
|
|
|
| LEADER |
00000nab a2200000 a 4500 |
| 001 |
vtls010122016 |
| 003 |
SK-MaSNL |
| 005 |
20260304154852.0 |
| 008 |
250507c2010 xo ||||||||||||00 b|slo |
| 015 |
|
|
|a SNBRB2010/08
|2 snkbucl
|
| 035 |
|
|
|a (uuid)6bed5916-c9fe-4b99-acba-9cb5ae903e3d
|
| 035 |
|
|
|a urn:nbn:sk:snk-ab1y9a
|
| 035 |
|
|
|a (urnnbn)urn:nbn:sk:snk:ar-a0182f
|
| 038 |
|
|
|a SNKBUCL
|
| 040 |
|
|
|a SNKBUCL
|b slo
|c SNKBUCL
|e AACR2
|
| 041 |
0 |
|
|a slo
|
| 044 |
|
|
|a xo
|c SK
|
| 080 |
|
|
|a 78.071.2:785.11:061.7
|2 2001
|
| 245 |
0 |
0 |
|a Slovenská filharmónia v Japonsku
|c [autor] (sf, hž)
|
| 300 |
|
|
|b Fotogr.
|
| 610 |
2 |
7 |
|a Slovenská filharmónia
|2 snkbucl
|9 145774
|
| 648 |
|
7 |
|a 2010
|2 snkbucl
|9 324355
|
| 655 |
|
7 |
|a informatívne články
|2 snkbucl
|9 131959
|
| 773 |
0 |
|
|t Hudobný život
|g Roč. XLII, č. 6 (2010), s. 2
|x 1335-4140
|
| 850 |
|
|
|a Slovenská národná knižnica
|
| 852 |
|
|
|a Slovenská národná knižnica
|
| 954 |
|
|
|a odborná, vedecká literatúra pôvodná (slovenská)
|2 lita
|
| 958 |
|
|
|a article27
|
| 958 |
|
|
|a OND
|
| 958 |
|
|
|a SK
|
| 958 |
|
|
|a JP
|
| 958 |
|
|
|a EUIPO
|
| 999 |
|
|
|c 2959632
|d 2961562
|